00249nam a2200085Ia 4500008004100000082001200041245006500053260002900118300001600147230907s9999||||xx |||||||||||||| ||und|| a351,DEV 0aDeveloping country perspectives on publics service delivery/ aSpringerbNew Yorkc2015 axix, 293p.: